|
|
|
|
| LEADER |
00000nam0a2200000 4500 |
| 001 |
346117 |
| 005 |
20231102005842.0 |
| 010 |
|
|
|a 9785992201772
|
| 035 |
|
|
|a (RuTPU)RU\TPU\book\377973
|
| 090 |
|
|
|a 346117
|
| 100 |
|
|
|a 20210603d2008 m y0rusy50 ca
|
| 101 |
0 |
|
|a rus
|
| 102 |
|
|
|a RU
|
| 105 |
|
|
|a y z 000ay
|
| 200 |
1 |
|
|a Черный полдень
|e роман
|f П. Н. Корнев
|
| 210 |
|
|
|a Москва
|c Альфа-книга
|d 2008
|
| 215 |
|
|
|a 378 с.
|
| 225 |
1 |
|
|a Фантастический боевик
|
| 330 |
|
|
|a Приграничье — заснеженные земли, вырванные из нашего мира в царство вечного холода. В этом негостеприимном месте круглый год дуют ледяные ветра, а люди никогда не расстаются с оружием. Бывший патрульный по прозвищу Лёд вернулся в Приграничье не по евоей воле, и главное для него теперь вырваться обратно в нормальный мир. В идеале — целым и невредимым. На крайний случай — просто живым. Но много ли шансов выжить у человека, с которым горят желанием разделаться Дружина, Сестры Холода, Цех и загадочные слуги Стужи?
|
| 606 |
1 |
|
|a Русская литература современная
|2 stltpush
|3 (RuTPU)RU\TPU\subj\26373
|9 50316
|
| 610 |
1 |
|
|a художественная литература
|
| 610 |
1 |
|
|a фантастика
|
| 610 |
1 |
|
|a боевики
|
| 610 |
1 |
|
|a романы
|
| 675 |
|
|
|a Р2
|v 4
|
| 700 |
|
1 |
|a Корнев
|b П. Н.
|g Павел Николаевич
|
| 801 |
|
1 |
|a RU
|b 63413507
|c 20210603
|
| 801 |
|
2 |
|a RU
|b 63413507
|c 20210705
|g RCR
|
| 942 |
|
|
|c BK
|